000 nam a22 7a 4500
999 _c8703
_d8703
008 180119b ||||| |||| 00| 0 eng d
100 _aKumar.V.
_95058
245 _aHistory Map Work Book
260 _aNew Delhi
_bGoyal
_c2008